| 000 | 00374nam a2200121Ia 4500 | ||
|---|---|---|---|
| 008 | 220204s9999 xx 000 0 und d | ||
| 020 | _a:812120982X | ||
| 082 |
_a915(540)MAH _bSES.12 |
||
| 100 | _aSeshagiri, N | ||
| 245 | 0 | _aEncyclopaedia of cities and towns in India. 27V. V. 12. Maharashtra. Part. 1 (A-M) | |
| 260 |
_aNew Delhi _bGyan Publishing House _c2008 |
||
| 942 | _cBK | ||
| 999 |
_c42776 _d42776 |
||